| 000 | 01190nam a22003137a 4500 | ||
|---|---|---|---|
| 003 | CHAP | ||
| 005 | 20220329134048.0 | ||
| 008 | 971013s1944 r 00010 d | ||
| 010 | _a14843 | ||
| 011 | _a15815 | ||
| 035 | _a19892 | ||
| 040 | _cCHAP | ||
| 090 | _aFolleto 745 | ||
| 100 | 0 | 0 |
_aBennett, Hugh Hammond. _911613 |
| 245 | _aConservation for today and tomorrow | ||
| 260 |
_aMéxico, D. F. : _bComité Permanente de la Segunda Conferencia Interamericana de Agricultura, _c1944 |
||
| 300 |
_a31 p. _b: ilus. |
||
| 490 | _aComite Permanente de la Segunda Conferencia Interamericana de Agricultura. Publicaciones. Sección 2A | ||
| 590 |
_aBATCH-UPD _b10 _c20130110 _lUCH01 _h2005 |
||
| 590 |
_aBATCH-UPD _b10 _c20130410 _lUCH01 _h1325 |
||
| 590 |
_aBATCH-UPD _b10 _c20130914 _lUCH01 _h2015 |
||
| 590 |
_aCONVERSION _b10 _c20130109 _lUCH01 _h1309 |
||
| 650 | 1 | 4 |
_aSuelos _xConservación. _9110283 |
| 830 | 0 |
_aComite Permanente de la Segunda Conferencia Interamericana de Agricultura. Publicaciones. Sección 2A _925844 |
|
| 901 | _aBK | ||
| 942 | _cFOLL | ||
| 949 |
_aFolleto 745 _bBC _cFOLL _d-46366 _eTS1 _i19892 _mD _si |
||
| 949 |
_aFolleto 745 _bBC _cFOLL _d-46367 _eTS2 _fc.2 _i19892 _mD _si |
||
| 999 |
_c14843 _d14843 |
||